| 000 | 00435nam a22001577a 4500 | ||
|---|---|---|---|
| 005 | 20240108151900.0 | ||
| 008 | 190528b xxu||||| |||| 00| 0 eng d | ||
| 020 | _a9789-93-5164-991-5 | ||
| 041 | _aeng | ||
| 100 |
_aKHADE, PRASHANT H..,KADKE,SUJIT S.,AND PUTTEWAR,TRUSHA Y. _98324 |
||
| 245 | _aPHYSICAL PHARMACUETICS - II (SEM-IV) | ||
| 250 | _a2nd Ed., 2018 | ||
| 260 |
_aPUNE _bNIRALI PRAKASHAN |
||
| 300 | _a5.38p, | ||
| 942 | _cBK | ||
| 999 |
_c5870 _d5868 |
||